Conditional, contingent and other alternative fee arrangements. (Record no. 100089)

MARC details
000 -LEADER
fixed length control field 00753cam a2200241 4500
008 - FIXED-LENGTH DATA ELEMENTS--GENERAL INFORMATION
fixed length control field 000000n1999 000 0 eng u
020 ## - INTERNATIONAL STANDARD BOOK NUMBER
International Standard Book Number 1871241375
035 ## - SYSTEM CONTROL NUMBER
System control number (Sirsi) u103152
041 ## - LANGUAGE CODE
Language code of text/sound track or separate title 340.5
100 ## - MAIN ENTRY--PERSONAL NAME
Personal name Lauer, Steven A
245 ## - TITLE STATEMENT
Title Conditional, contingent and other alternative fee arrangements.
260 ## - PUBLICATION, DISTRIBUTION, ETC.
Place of publication, distribution, etc. Sudbury, Suffolk
Name of publisher, distributor, etc. Monitor Press
Date of publication, distribution, etc. 1999
300 ## - PHYSICAL DESCRIPTION
Extent iii, 64p. ; 30cm.
350 ## - PRICE (NR) (BK AM CF MU VM SE) [OBSOLETE]
Price 109.00
520 ## - SUMMARY, ETC.
Summary, etc. A study of alternative funding for legal fees in the USA and a discussion as to how these alternative fee arrangements could be developed here in the UK.
650 ## - SUBJECT ADDED ENTRY--TOPICAL TERM
Topical term or geographic name entry element LEGAL FEES
650 ## - SUBJECT ADDED ENTRY--TOPICAL TERM
Topical term or geographic name entry element LAWYERS FEES
650 ## - SUBJECT ADDED ENTRY--TOPICAL TERM
Topical term or geographic name entry element USA
650 ## - SUBJECT ADDED ENTRY--TOPICAL TERM
Topical term or geographic name entry element FUNDING
650 ## - SUBJECT ADDED ENTRY--TOPICAL TERM
Topical term or geographic name entry element LEGAL SERVICES
690 ## - LOCAL SUBJECT ADDED ENTRY--TOPICAL TERM (OCLC, RLIN)
Topical term or geographic name as entry element LAW
942 ## - ADDED ENTRY ELEMENTS (KOHA)
Suppress in OPAC 0
Holdings
Withdrawn status Lost status Source of classification or shelving scheme Damaged status Not for loan Home library Current library Shelving location Date acquired Cost, normal purchase price Total Checkouts Full call number Barcode Date last seen Date last checked out Copy number Cost, replacement price Price effective from Koha item type
    Dewey Decimal Classification     London London Folio 01/02/2000 109.00 2 F340.5 LAU 30060629 06/08/2019 18/12/2002 1 109.00 06/08/2019 Book